| Tag |
First Indicator |
Second Indicator |
Subfields |
| LEADER |
00000cam a2200000 4500 |
| 001 |
in00000057191 |
| 005 |
20151008051448.0 |
| 008 |
721106s1963 ilu b 00000 eng u |
| 010 |
|
|
|a 63008445
|
| 035 |
|
|
|a (OCoLC)00486500
|
| 035 |
|
|
|9 AAG8058AM
|
| 040 |
|
|
|c ASC
|d TXA
|d UtOrBLW
|
| 049 |
|
|
|a TXAM
|c 2 [421587]
|
| 050 |
0 |
0 |
|a HB221
|b .L57
|
| 082 |
0 |
|
|a 338.52
|
| 092 |
|
|
|a 338.52
|b L716n
|
| 100 |
1 |
|
|a Liebhafsky, H. H.
|q (Herbert Hugo),
|d 1919-1993.
|
| 245 |
1 |
4 |
|a The nature of price theory.
|
| 264 |
|
1 |
|a Homewood, Ill. :
|b Dorsey Press,
|c 1963.
|
| 300 |
|
|
|a 562 pages :
|b illustrations ;
|c 24 cm.
|
| 336 |
|
|
|a text
|b txt
|2 rdacontent
|
| 337 |
|
|
|a unmediated
|b n
|2 rdamedia
|
| 338 |
|
|
|a volume
|b nc
|2 rdacarrier
|
| 490 |
1 |
|
|a The Dorsey series in economics
|
| 504 |
|
|
|a Includes bibliography.
|
| 650 |
|
0 |
|a Prices.
|
| 830 |
|
0 |
|a Dorsey series in economics.
|
| 999 |
|
|
|a MARS
|
| 999 |
f |
f |
|s c2d4124b-d427-3d6f-89b2-a5d0d53c5d57
|i a87948fb-430d-36f3-b63f-6dc2e5b23a1d
|t 0
|
| 952 |
f |
f |
|p ric
|a Texas A&M University
|b Rellis Campus
|c Joint Library Facility
|d Remote Storage
|t 0
|e HB221 .L57
|h Library of Congress classification
|i unmediated -- volume
|m A14800768192
|
| 998 |
f |
f |
|a HB221 .L57
|t 0
|l Remote Storage
|